000 00425nam a22001697a 4500
003 MACL
005 20160114150650.0
008 160114b xxu||||| |||| 00| 0 eng d
040 _cMACL
041 _aEnglish
082 _a920/BHU
100 _aBhushan,Arya
_932285
245 _aThe World Under One Roof My Life Story
260 _aDelhi
_bRachna Publications
_c2008
650 _aAuto Biography
_914205
942 _2ddc
_cBK
999 _c52250
_d52250